Arsenal Footballers - Statistics

General Stats
  • This quiz has been taken 22 times
  • The average score is 17 of 20
Answer Stats
Picture Answer % Correct
Bukayo Saka
95%
Declan Rice
95%
Gabriel Jesus
95%
Patrick Vieira
95%
Thierry Henry
95%
Aaron Ramsdale
90%
Ben White
90%
David Seaman
90%
Oleksandr Zinchenko
90%
Pierre-Emerick Aubameyang
90%
William Saliba
90%
Bernd Leno
85%
Dennis Bergkamp
85%
Thomas Partey
85%
Alexandre Lacazette
80%
Willian
75%
Rob Holding
70%
Jack Wilshere
65%
Freddie Ljungberg
60%
Marc Overmars
55%
No matching quizzes found
Score Distribution
Percent of People with Each Score
Percentile by Number Answered
Your Score History
You have not taken this quiz